Science Quiz

Random Science or Grab Bag Quiz

Wiki Science Picture Click II Quiz Stats

Quiz Updated Aug 1, 2017

Challenge
Share
Tweet
Score 0/12 Timer 04:00
4 Plays Today
% Correct
Nile Crocodile
97.8%
Jurassic
96.8%
Grazing
95.7%
Taste Bud
94.4%
Biochemistry
93.6%
Metric System
92.2%
Aerodynamics
89.9%
Physiognomy
88%
Metamorphosis
85.2%
Nebula
84.8%
Invertebrate
80.8%
Army Ant
66.8%

You're not logged in!

Compare scores with friends on all Sporcle quizzes.
Sign Up with Email
OR
Log In

You Might Also Like...

Show Comments

Extras

Top Quizzes Today


Score Distribution

Your Account Isn't Verified!

In order to create a playlist on Sporcle, you need to verify the email address you used during registration. Go to your Sporcle Settings to finish the process.